000 00974cam a22002651 4500
001 gs 61000262
003 DLC
005 20260227111410.0
008 751203s1961 sduab 000 0 eng c
010 _ags 61000262
035 _a(OCoLC)1872852
040 _aU. S. Geol. Survey. Libr.
_cFMU
_dOCoLC
_dDLC
042 _apremarc
050 0 0 _aGB1025.S8
_bW32
100 1 _aWalker, Ian R.
245 1 0 _aShallow outwash deposit in Huron-Wolsey area,
_bBeadle County, South Dakota,
_cby Ian R. Walker,
260 _aVermillion,
_bUniversity of South Dakota,
_c1961.
300 _aii, 44 p.
_billus., maps.
_c23 cm.
490 1 _aSouth Dakota. State Geological Survey. Report of investigations,
_vno. 91
650 0 _aGeology
_zSouth Dakota
_zBeadle County.
650 0 _aGroundwater
_zSouth Dakota
_zBeadle County.
650 0 _aWater-supply
_zSouth Dakota
_zBeadle County.
650 0 _aGeology
810 1 _aSouth Dakota.
_bState Geologist Report of investigations ;
_vno. 91.
999 _c29567
_d29567